LEADER 01042nam a2200217 i 4500 001 000000238204 003 CaOOAMICUS 005 20180830230811.0 008 180830s1993 xxu u000 u eng u 013 $a217109 040 $aSeMil$bita 100 1 $aArinze, Francis .$0(OLS)http://semarc/name/20933 245 14$aThe Apostolate's Family Catechism on cassette tape /$cRoman Curia Cardinal Francis Arinze interviewed by Jerry Coniker. 260 $aBloomingdale (Ohio USA) :$bFamily Apostolate,$ccopyr. 1993. 300 $aSet of 24 cassette tapes + materiale illustrativo ;$c30 cm. 650 4$aCatechismo della Chiesa Cattolica.$0(OLS)http://semarc/subject/12084 700 1 $aConiker, Jerry.$0(OLS)http://semarc/name/81198 850 $aSeMil 852 $aSeMil$W1$xVenegono$y1$m$j2960$B188550$CSeMilBibl$Z2$F0 $85 996 $6245$aThe Apostolate's Family Catechism on cassette tape$9(OLS)http://semarc/title/339444 996 $6260$aBloomingdale (Ohio USA) :$bFamily Apostolate$9(OLS)http://semarc/publisher/44768 LEADER 01634nam a2200301 i 4500 001 000000128893 003 CaOOAMICUS 005 20240327095211.0 008 040902s2001 it u000 u ita u 020 $a88-87183-18-X 040 $aSeMil$bita 245 00$aAgnese Baggio - Ernesto Balducci :$blettere 1950-1979. Il cammino di un'amicizia in un'epoca che ha cambiato la Chiesa /$cCentro Studi Agnese Baggio - Ernesto Balducci Fondazione. 264 1$aSan Domenico di Fiesole (FI) :$bEdizioni Cultura della Pace,$c2001. 300 $a151 p. ;$c21 cm. 490 1 $aLa Biblioteca 650 04$aBalducci, Ernesto - Lettere e carteggi.$0(OLS)http://semarc/subject/55303 650 4$aBaggio, Agnese <1912-1988> - Lettere e carteggi.$0(OLS)http://semarc/subject/55302 700 1 $aBalducci, Ernesto,$c.$0(OLS)http://semarc/name/2370 710 0 $aCentro Studi Agnese Baggio.$0(OLS)http://semarc/name/53566 710 0 $aFondazione Ernesto Balducci.$0(OLS)http://semarc/name/53567 830 3$aLa biblioteca.$0(OLS)http://semarc/title/9837 850 $aSeMil 852 $aSeMil$W1$xVenegono$y1$m421 1 3 *$j83062$B83062$CSeMilBibl$Z2$F86113 $81 961 $aOmaggio: Braschi don Francesco 996 $6020$a88-87183-18-X$9(OLS)http://semarc/number/115549 996 $6245$aAgnese Baggio - Ernesto Balducci :$blettere 1950-1979. Il cammino di un'amicizia in un'epoca che ha cambiato la Chiesa$9(OLS)http://semarc/title/190451 996 $6264$aSan Domenico di Fiesole (FI) :$bEdizioni Cultura della Pace$9(OLS)http://semarc/publisher/32115